[Event "Hampshire Open"]
[Site "Fareham"]
[Date "2018.11.02"]
[Round "1"]
[White "Waddington, Mike P"]
[Black "Northcott, Paul"]
[Result "1-0"]
[WhiteElo "2152"]
[BlackElo "1944"]
[PlyCount "111"]
[EventDate "2018.11.02"]
[EventType "swiss"]
[EventRounds "6"]
[EventCountry "ENG"]
[SourceTitle "BritBase"]
[Source "John Saunders"]
[SourceDate "2018.11.10"]
[SourceVersion "1"]
[SourceVersionDate "2018.11.10"]
[SourceQuality "1"]

1. Nc3 e5 2. Nf3 Nc6 3. d4 exd4 4. Nxd4 Nf6 5. Bg5 Bb4 6. Qd3 h6 7. Bf4 Bxc3+ 8. bxc3 d6 9. e4 O-O 10. O-O-O Ne5 11. Qe2 Qe7 12. f3 Be6 13. Bxe5 dxe5 14. Nxe6 Qxe6 15. Qc4 Qxc4 16. Bxc4 Rfd8 17. Rd3 Rxd3 18. cxd3 Rd8 19. Kc2 Nh5 20. Rb1 b6 21. Rb5 c5 22. Rb1 Rd6 23. Kd2 Rg6 24. g3 Kf8 25. a4 a5 26. Ke3 Rd6 27. f4 f6 28. f5 g5 29. fxg6 Ng7 30. Rf1 Ne8 31. h4 Kg7 32. h5 Nc7 33. g4 Ne6 34. Bxe6 Rxe6 35. Rd1 Rc6 36. d4 cxd4+ 37. cxd4 Rc3+ 38. Rd3 exd4+ 39. Kxd4 Rc1 40. Kd5 Rc5+ 41. Kd4 Rc1 42. Rb3 Ra1 43. Rxb6 Rxa4+ 44. Kd5 Ra1 45. Rb7+ Kg8 46. Ke6 a4 47. Ra7 a3 48. Kxf6 Rf1+ 49. Ke5 Rf3 50. g5 hxg5 51. h6 g4 52. h7+ Kh8 53. Ra8+ Kg7 54. h8=Q+ Kxg6 55. Rg8+ Kf7 56. Qh7# 1-0

[Event "Hampshire Open"]
[Site "Fareham"]
[Date "2018.11.02"]
[Round "1"]
[White "Stimpson, Philip M"]
[Black "Anderson, Peter W"]
[Result "1-0"]
[WhiteElo "1936"]
[BlackElo "2136"]
[PlyCount "109"]
[EventDate "2018.11.02"]
[EventType "swiss"]
[EventRounds "6"]
[EventCountry "ENG"]
[SourceTitle "BritBase"]
[Source "John Saunders"]
[SourceDate "2018.11.10"]
[SourceVersion "1"]
[SourceVersionDate "2018.11.10"]
[SourceQuality "1"]

1. e4 g6 2. d4 Bg7 3. Nc3 d6 4. Nf3 a6 5. a4 Nc6 6. Be3 Nf6 7. h3 O-O 8. Be2 b6 9. O-O e6 10. Qd2 Bb7 11. Bh6 Ne7 12. Bxg7 Kxg7 13. Qe3 c5 14. Rad1 Qc7 15. dxc5 dxc5 16. Bc4 Rad8 17. Rfe1 Rxd1 18. Rxd1 Rd8 19. Rxd8 Qxd8 20. Qd2 Qxd2 21. Nxd2 Nc6 22. f3 Nb4 23. Bd3 Nxd3 24. cxd3 e5 25. Nc4 Nd7 26. Kf2 Kf6 27. Ke3 Ke6 28. f4 f6 29. g4 exf4+ 30. Kxf4 h6 31. Ke3 f5 32. gxf5+ gxf5 33. exf5+ Kf6 34. Ne4+ Kg7 35. Kf4 Bc6 36. b3 b5 37. axb5 Bxb5 38. Ned6 Bc6 39. Ne5 Nxe5 40. Kxe5 Bg2 41. h4 Bf1 42. Ne4 Bxd3 43. Nxc5 Bc2 44. b4 Kf7 45. Ne4 Bd3 46. Nd6+ Ke7 47. f6+ Kf8 48. Nf5 h5 49. Ng3 Bg6 50. Kf4 Ke8 51. Kg5 Bf7 52. Nxh5 Kd7 53. Nf4 Kc6 54. h5 Kb5 55. h6 1-0

[Event "Hampshire Open"]
[Site "Fareham"]
[Date "2018.11.02"]
[Round "1"]
[White "Pye, David E"]
[Black "Holmes, David"]
[Result "1-0"]
[WhiteElo "2136"]
[BlackElo "1880"]
[PlyCount "121"]
[EventDate "2018.11.02"]
[EventType "swiss"]
[EventRounds "6"]
[EventCountry "ENG"]
[SourceTitle "BritBase"]
[Source "John Saunders"]
[SourceDate "2018.11.10"]
[SourceVersion "1"]
[SourceVersionDate "2018.11.10"]
[SourceQuality "1"]

1. e4 Nc6 2. Nf3 d6 3. d4 Bg4 4. c3 Nf6 5. Be2 e5 6. d5 Nb8 7. h3 Bh5 8. Nh4 Bg6 9. Nxg6 hxg6 10. Qc2 Nbd7 11. c4 Be7 12. Nc3 c6 13. Be3 O-O 14. O-O c5 15. Rad1 Nh5 16. Bxh5 gxh5 17. Qe2 h4 18. g4 g5 19. Rd3 Re8 20. Bd2 Nf8 21. Rf3 Ng6 22. Re1 a6 23. a4 Rc8 24. Nd1 Nf4 25. Qf1 Kg7 26. Ne3 Rh8 27. Nf5+ Kg6 28. Kh2 Qd7 29. Ra1 f6 30. Qb1 Rh7 31. Bxf4 gxf4 32. Rb3 Bd8 33. Qe1 Kg5 34. a5 Rb8 35. Kg2 Bc7 36. Qc3 Bd8 37. Kf3 Bc7 38. Rba3 Rhh8 39. Qc2 Rhc8 40. Qa4 Qxa4 41. Rxa4 Rd8 42. Ng7 Rd7 43. Ne6+ Kh6 44. R4a3 Bd8 45. Rb3 Rc8 46. Ke2 Be7 47. Kd3 Re8 48. Rb1 Bd8 49. Ra3 Bc7 50. Ra4 Bb8 51. b4 cxb4 52. Raxb4 Ba7 53. Ke2 Ree7 54. Rg1 Bc5 55. Rbb1 Re8 56. g5+ fxg5 57. Rxg5 f3+ 58. Kxf3 Rf7+ 59. Rf5 Rxf5+ 60. exf5 Re7 61. Rg1 1-0

[Event "Hampshire Open"]
[Site "Fareham"]
[Date "2018.11.02"]
[Round "1"]
[White "Moore, Gillian A"]
[Black "Lukoshius, Rolandus"]
[Result "0-1"]
[WhiteElo "1832"]
[BlackElo "2080"]
[PlyCount "102"]
[EventDate "2018.11.02"]
[EventType "swiss"]
[EventRounds "6"]
[EventCountry "ENG"]
[SourceTitle "BritBase"]
[Source "John Saunders"]
[SourceDate "2018.11.10"]
[SourceVersion "1"]
[SourceVersionDate "2018.11.10"]
[SourceQuality "1"]

1. d4 Nf6 2. Bg5 Ne4 3. h4 h6 4. Bf4 d5 5. Nd2 Bf5 6. Nxe4 Bxe4 7. c3 e6 8. e3 c5 9. f3 Bh7 10. Bd3 Bxd3 11. Qxd3 Qb6 12. Qc2 Nc6 13. Ne2 Rc8 14. Rc1 Be7 15. Bg3 Bf6 16. Bf2 cxd4 17. exd4 O-O 18. O-O Qa6 19. a3 b5 20. Rfd1 Qb7 21. h5 a5 22. Qd3 Bg5 23. f4 Be7 24. g4 b4 25. axb4 axb4 26. c4 dxc4 27. Rxc4 Na5 28. Rxc8 Rxc8 29. f5 Nc4 30. fxe6 Nxb2 31. exf7+ Kf8 32. Qh7 Kxf7 33. Qg6+ Kg8 34. Rf1 Qc6 35. Qxc6 Rxc6 36. Rc1 Rxc1+ 37. Nxc1 Bg5 38. Nb3 Nd3 39. Bg3 Nc1 40. Nc5 b3 41. Na4 Ne2+ 42. Kf2 Nxd4 43. Be5 Bf6 44. Bf4 Nb5 45. Bc1 Nc3 46. Nb2 Na2 47. Be3 Bxb2 48. Ke2 Bc1 49. Bxc1 Nxc1+ 50. Kd1 Na2 51. Kd2 Kf8 0-1

[Event "Hampshire Open"]
[Site "Fareham"]
[Date "2018.11.02"]
[Round "1"]
[White "Chapman, Matt"]
[Black "Clancy, Martin J"]
[Result "1-0"]
[WhiteElo "2056"]
[BlackElo "1816"]
[PlyCount "49"]
[EventDate "2018.11.02"]
[EventType "swiss"]
[EventRounds "6"]
[EventCountry "ENG"]
[SourceTitle "BritBase"]
[Source "John Saunders"]
[SourceDate "2018.11.10"]
[SourceVersion "1"]
[SourceVersionDate "2018.11.10"]
[SourceQuality "1"]

1. e4 c5 2. Nf3 e6 3. d4 cxd4 4. Nxd4 Nf6 5. Nc3 d6 6. g4 Nc6 7. g5 Nxd4 8. Qxd4 Ng4 9. f4 e5 10. Qg1 Be7 11. Bb5+ Kf8 12. f5 a6 13. Bd3 h6 14. Qxg4 hxg5 15. Be3 Rh4 16. Qg2 Bd7 17. O-O-O Bc6 18. Rdg1 f6 19. Bf2 Rf4 20. Bg3 b5 21. Bxf4 exf4 22. Nd5 Kf7 23. h4 Bxd5 24. exd5 Qb6 25. Qe4 1-0

[Event "Hampshire Open"]
[Site "Fareham"]
[Date "2018.11.02"]
[Round "1"]
[White "Dallas, Peter"]
[Black "Fowler, David"]
[Result "0-1"]
[WhiteElo "1760"]
[BlackElo "2000"]
[PlyCount "86"]
[EventDate "2018.11.02"]
[EventType "swiss"]
[EventRounds "6"]
[EventCountry "ENG"]
[SourceTitle "BritBase"]
[Source "John Saunders"]
[SourceDate "2018.11.10"]
[SourceVersion "1"]
[SourceVersionDate "2018.11.10"]
[SourceQuality "1"]

1. Nf3 Nf6 2. g3 d5 3. d3 c6 4. Bg2 Bg4 5. Nbd2 Nbd7 6. c4 e6 7. Qc2 Be7 8. a3 a5 9. b3 O-O 10. Bb2 Ne8 11. h3 Bxf3 12. Bxf3 Bf6 13. Nf1 a4 14. b4 Ne5 15. Bxe5 Bxe5 16. Rb1 Nd6 17. Ne3 Bd4 18. Ng2 Qf6 19. O-O Qg6 20. e3 Be5 21. Qe2 Nf5 22. g4 Ne7 23. h4 f5 24. g5 Qf7 25. d4 Bc7 26. c5 e5 27. dxe5 Bxe5 28. h5 h6 29. g6 Qf6 30. Rfc1 Rae8 31. b5 f4 32. e4 dxe4 33. Qxe4 Nd5 34. Qc4 Kh8 35. Bxd5 cxd5 36. Qxd5 f3 37. Ne3 Qh4 38. Qxe5 Rxe5 39. Rb4 Qxh5 40. c6 Rg5+ 41. Ng4 Rxg4+ 42. Rxg4 Qxg4+ 43. Kh1 Qg2# 0-1

[Event "Hampshire Open"]
[Site "Fareham"]
[Date "2018.11.02"]
[Round "1"]
[White "Williams, Robin"]
[Black "Wilson, Jaimie"]
[Result "0-1"]
[WhiteElo "1952"]
[BlackElo "2136"]
[PlyCount "40"]
[EventDate "2018.11.02"]
[EventType "swiss"]
[EventRounds "6"]
[EventCountry "ENG"]
[SourceTitle "BritBase"]
[Source "John Saunders"]
[SourceDate "2018.11.10"]
[SourceVersion "1"]
[SourceVersionDate "2018.11.10"]
[SourceQuality "1"]

1. e4 e6 2. d4 d5 3. Bd3 dxe4 4. Bxe4 Nf6 5. Bd3 Bd6 6. Nf3 Nbd7 7. O-O h6 8. Nc3 O-O 9. Qe2 Re8 10. Ne5 c5 11. Nb5 Bf8 12. Bf4 Nd5 13. Nxf7 Kxf7 14. Qh5+ Kg8 15. Bxh6 gxh6 16. Nd6 Re7 17. Qg6+ Bg7 18. f4 Nf8 19. Nxb7 Bxb7 20. Qg4 Ne3 0-1

[Event "Hampshire Open"]
[Site "Fareham"]
[Date "2018.11.03"]
[Round "2"]
[White "Lukoshius, Rolandus"]
[Black "Waddington, Mike P"]
[Result "0-1"]
[WhiteElo "2080"]
[BlackElo "2152"]
[PlyCount "90"]
[EventDate "2018.11.02"]
[EventType "swiss"]
[EventRounds "6"]
[EventCountry "ENG"]
[SourceTitle "BritBase"]
[Source "John Saunders"]
[SourceDate "2018.11.10"]
[SourceVersion "1"]
[SourceVersionDate "2018.11.10"]
[SourceQuality "1"]

1. d4 Nf6 2. Nf3 g6 3. c4 Bg7 4. Nc3 d6 5. e4 O-O 6. Be2 e5 7. O-O Nc6 8. d5 Ne7 9. Ne1 Nd7 10. Nd3 f5 11. Bd2 f4 12. Rc1 g5 13. f3 Ng6 14. Nb5 a6 15. Na3 Qe7 16. b4 Nf6 17. Nf2 h5 18. h3 Rf7 19. c5 Bf8 20. cxd6 cxd6 21. Nc4 Qd8 22. a4 Rg7 23. a5 Bd7 24. Nb6 Rb8 25. Rc3 Nh4 26. Be1 Be7 27. Nxd7 Qxd7 28. b5 axb5 29. Qb3 Bd8 30. Bxb5 Qe7 31. Qc2 g4 32. fxg4 hxg4 33. Nxg4 Nxg4 34. hxg4 Rxg4 35. Bxh4 Qxh4 36. Bd7 Bxa5 37. Bxg4 Bb6+ 38. Rf2 Qxg4 39. Kf1 Bd4 40. Rb3 Rc8 41. Qd2 b6 42. Rff3 Qg6 43. g3 Ra8 44. Qd3 Qh5 45. Rb1 Qh1+ 0-1

[Event "Hampshire Open"]
[Site "Fareham"]
[Date "2018.11.03"]
[Round "2"]
[White "Fowler, David"]
[Black "Pye, David E"]
[Result "0-1"]
[WhiteElo "2000"]
[BlackElo "2136"]
[PlyCount "68"]
[EventDate "2018.11.02"]
[EventType "swiss"]
[EventRounds "6"]
[EventCountry "ENG"]
[SourceTitle "BritBase"]
[Source "John Saunders"]
[SourceDate "2018.11.10"]
[SourceVersion "1"]
[SourceVersionDate "2018.11.10"]
[SourceQuality "1"]

1. d4 Nf6 2. Nc3 d5 3. Bg5 c5 4. Bxf6 gxf6 5. dxc5 d4 6. Ne4 f5 7. Ng3 Qa5+ 8. Qd2 Qxd2+ 9. Kxd2 e5 10. e3 dxe3+ 11. fxe3 Bxc5 12. Nf3 Nc6 13. Bb5 f6 14. Nh4 Bxe3+ 15. Kxe3 f4+ 16. Ke4 fxg3 17. Bxc6+ bxc6 18. Nf5 Bxf5+ 19. Kxf5 Ke7 20. hxg3 Rag8 21. Rh3 Rg5+ 22. Ke4 Ke6 23. Rf1 f5+ 24. Kf3 h5 25. Rfh1 Rhg8 26. R1h2 e4+ 27. Kf2 Ke5 28. Rxh5 Rxg3 29. Rh7 R3g7 30. Rxg7 Rxg7 31. Rh6 Rc7 32. g3 c5 33. Rg6 Rh7 34. Kg2 Rd7 0-1

[Event "Hampshire Open"]
[Site "Fareham"]
[Date "2018.11.03"]
[Round "2"]
[White "Wilson, Jaimie"]
[Black "Stimpson, Philip M"]
[Result "0-1"]
[WhiteElo "2136"]
[BlackElo "1936"]
[PlyCount "102"]
[EventDate "2018.11.02"]
[EventType "swiss"]
[EventRounds "6"]
[EventCountry "ENG"]
[SourceTitle "BritBase"]
[Source "John Saunders"]
[SourceDate "2018.11.10"]
[SourceVersion "1"]
[SourceVersionDate "2018.11.10"]
[SourceQuality "1"]

1. c4 c5 2. Nf3 Nf6 3. Nc3 Nc6 4. d4 cxd4 5. Nxd4 e5 6. Nb3 Bb4 7. g3 d5 8. cxd5 Qxd5 9. Qxd5 Nxd5 10. Bd2 Be6 11. Bg2 Rd8 12. Bxd5 Bxd5 13. Nxd5 Rxd5 14. O-O-O Bxd2+ 15. Rxd2 Rxd2 16. Kxd2 Ke7 17. Rc1 Rd8+ 18. Ke3 f5 19. Nc5 b6 20. Nd3 Kd6 21. b4 a6 22. a4 Ne7 23. f4 Nd5+ 24. Kf2 exf4 25. gxf4 Rd7 26. Rc4 Rc7 27. Rd4 Ke6 28. a5 bxa5 29. Nc5+ Kd6 30. Nxa6 Ra7 31. Nc5 axb4 32. e4 Kxc5 33. Rxd5+ Kc4 34. Rd8 Rb7 35. Ke3 fxe4 36. Kxe4 b3 37. Rc8+ Kb4 38. Kd3 Rd7+ 39. Ke3 b2 40. Rb8+ Kc3 41. Rc8+ Kb3 42. Rb8+ Kc2 43. Rc8+ Kd1 44. Rb8 Rd2 45. h4 Kc1 46. Rb7 Rc2 47. Rxg7 b1=Q 48. Rg1+ Kb2 49. Rxb1+ Kxb1 50. f5 Rh2 51. f6 Rh1 0-1

[Event "Hampshire Open"]
[Site "Fareham"]
[Date "2018.11.03"]
[Round "2"]
[White "Marsh, Roger DW"]
[Black "Chapman, Matt"]
[Result "1/2-1/2"]
[WhiteElo "1928"]
[BlackElo "2056"]
[PlyCount "58"]
[EventDate "2018.11.02"]
[EventType "swiss"]
[EventRounds "6"]
[EventCountry "ENG"]
[SourceTitle "BritBase"]
[Source "John Saunders"]
[SourceDate "2018.11.10"]
[SourceVersion "1"]
[SourceVersionDate "2018.11.10"]
[SourceQuality "1"]

1. d4 d5 2. c4 c6 3. cxd5 cxd5 4. Nc3 Nf6 5. Bg5 Nc6 6. e3 Bf5 7. Bxf6 exf6 8. Bd3 Be6 9. Nge2 Bd6 10. Rc1 Rc8 11. O-O O-O 12. Ng3 Re8 13. Qf3 Qd7 14. h3 Bf8 15. Nh5 f5 16. Nf4 Red8 17. h4 g6 18. Bb5 a6 19. Ba4 Bh6 20. Bb3 Bxf4 21. Qxf4 Na5 22. Na4 Nc4 23. Nc5 Qe7 24. Rc2 Rc6 25. Rfc1 Rdc8 26. g3 Nd6 27. Qe5 Nc4 28. Qf4 Nd6 29. Qe5 Nc4 1/2-1/2

[Event "Hampshire Open"]
[Site "Fareham"]
[Date "2018.11.03"]
[Round "2"]
[White "Anderson, Peter W"]
[Black "Gonem, Sherif"]
[Result "1-0"]
[WhiteElo "2136"]
[BlackElo "1856"]
[PlyCount "81"]
[EventDate "2018.11.02"]
[EventType "swiss"]
[EventRounds "6"]
[EventCountry "ENG"]
[SourceTitle "BritBase"]
[Source "John Saunders"]
[SourceDate "2018.11.10"]
[SourceVersion "1"]
[SourceVersionDate "2018.11.10"]
[SourceQuality "1"]

1. d4 Nf6 2. c4 g6 3. Nc3 Bg7 4. e4 d6 5. Nf3 O-O 6. Be2 e5 7. Be3 Nbd7 8. O-O Re8 9. d5 a5 10. Nd2 b6 11. a3 Rf8 12. b4 Ne8 13. Na4 f5 14. f3 f4 15. Bf2 Bf6 16. c5 Bh4 17. g3 fxg3 18. hxg3 Bg5 19. cxb6 cxb6 20. bxa5 bxa5 21. Nc4 Ndf6 22. Nab6 Rb8 23. Nxc8 Rxc8 24. Qa4 Nh5 25. Qxa5 Qf6 26. Qb4 Bf4 27. Qe1 Qg5 28. Kh2 Qh4+ 29. Kg2 Qg5 30. Rh1 Rf7 31. g4 Rfc7 32. Bh4 Qh6 33. gxh5 Rxc4 34. Bxc4 Rxc4 35. Qe2 Rd4 36. Rad1 Ra4 37. Qb5 Ra8 38. Qc6 Rb8 39. Rb1 gxh5 40. Rxb8 Qg6+ 41. Kf1 1-0

[Event "Hampshire Open"]
[Site "Fareham"]
[Date "2018.11.03"]
[Round "2"]
[White "Northcott, Paul"]
[Black "Dallas, Peter"]
[Result "1-0"]
[WhiteElo "1944"]
[BlackElo "1760"]
[PlyCount "93"]
[EventDate "2018.11.02"]
[EventType "swiss"]
[EventRounds "6"]
[EventCountry "ENG"]
[SourceTitle "BritBase"]
[Source "John Saunders"]
[SourceDate "2018.11.10"]
[SourceVersion "1"]
[SourceVersionDate "2018.11.10"]
[SourceQuality "1"]

1. e4 g6 2. Nf3 Bg7 3. d4 d6 4. h3 Nd7 5. Bc4 e6 6. O-O a6 7. c3 b5 8. Bb3 Nb6 9. Re1 Ne7 10. Be3 Bb7 11. Qd3 Qd7 12. Na3 d5 13. exd5 Bxd5 14. Ne5 Bxe5 15. dxe5 Qc6 16. Bxd5 Qxd5 17. Qxd5 Nexd5 18. Rad1 O-O-O 19. Bd4 Rd7 20. Bxb6 Nxb6 21. Rxd7 Kxd7 22. Rd1+ Ke7 23. f4 Na4 24. Rd2 Rd8 25. Rc2 Rd1+ 26. Kf2 Ra1 27. b3 Nc5 28. b4 Nd3+ 29. Ke3 Nc1 30. Rb2 Rxa2 31. Rxa2 Nxa2 32. Kd2 c5 33. bxc5 b4 34. cxb4 Nxb4 35. Ke3 Kd7 36. Kd4 h5 37. g3 Nd5 38. Nc4 h4 39. gxh4 Nxf4 40. Nd6 Nxh3 41. Nxf7 a5 42. Kc4 Nf4 43. Kb5 Ng2 44. Kxa5 Nxh4 45. Kb6 Nf5 46. c6+ Ke7 47. Nd6 1-0

[Event "Hampshire Open"]
[Site "Fareham"]
[Date "2018.11.03"]
[Round "2"]
[White "Clancy, Martin J"]
[Black "Moore, Gillian A"]
[Result "1-0"]
[WhiteElo "1816"]
[BlackElo "1832"]
[PlyCount "103"]
[EventDate "2018.11.02"]
[EventType "swiss"]
[EventRounds "6"]
[EventCountry "ENG"]
[SourceTitle "BritBase"]
[Source "John Saunders"]
[SourceDate "2018.11.10"]
[SourceVersion "1"]
[SourceVersionDate "2018.11.10"]
[SourceQuality "1"]

1. e4 Nf6 2. e5 Nd5 3. d4 d6 4. c4 Nb6 5. Nf3 Bg4 6. exd6 cxd6 7. Be3 g6 8. Nbd2 Bg7 9. h3 Bxf3 10. Nxf3 O-O 11. Be2 Nc6 12. Qd2 Qc7 13. O-O Rfe8 14. Rac1 Rad8 15. d5 Ne5 16. b3 Nbd7 17. Nd4 Nc5 18. Nb5 Qb8 19. b4 a6 20. Nc3 Ncd7 21. f4 Nxc4 22. Bxc4 Rc8 23. Ne4 b5 24. Bb3 Nb6 25. Rc6 Nc4 26. Bxc4 Rxc6 27. dxc6 bxc4 28. f5 Be5 29. fxg6 hxg6 30. Qd5 e6 31. Qd2 c3 32. Nxc3 Qxb4 33. Ne2 Qe4 34. Rc1 Rc8 35. c7 Qb7 36. Qc2 d5 37. Bf4 Qb6+ 38. Qc5 Qxc5+ 39. Rxc5 f6 40. Bxe5 fxe5 41. Nc3 Kf7 42. Na4 d4 43. Nb6 d3 44. Kf1 Rxc7 45. Rxc7+ Kf6 46. Rd7 e4 47. Kf2 Kf5 48. Ke3 e5 49. Ra7 g5 50. a4 Ke6 51. Nc4 Kd5 52. Nd2 1-0

[Event "Hampshire Open"]
[Site "Fareham"]
[Date "2018.11.03"]
[Round "3"]
[White "Waddington, Mike P"]
[Black "Pye, David E"]
[Result "1/2-1/2"]
[WhiteElo "2152"]
[BlackElo "2136"]
[PlyCount "26"]
[EventDate "2018.11.02"]
[EventType "swiss"]
[EventRounds "6"]
[EventCountry "ENG"]
[SourceTitle "BritBase"]
[Source "John Saunders"]
[SourceDate "2018.11.10"]
[SourceVersion "1"]
[SourceVersionDate "2018.11.10"]
[SourceQuality "1"]

1. Nc3 d5 2. e4 e6 3. Nf3 Nf6 4. e5 Ne4 5. Ne2 Bc5 6. d4 Be7 7. Ng3 b6 8. Bd3 Nxg3 9. hxg3 Ba6 10. Bxa6 Nxa6 11. c3 Nb8 12. Qd3 h6 13. g4 Kd7 1/2-1/2

[Event "Hampshire Open"]
[Site "Fareham"]
[Date "2018.11.03"]
[Round "3"]
[White "Stimpson, Philip M"]
[Black "Chapman, Matt"]
[Result "1/2-1/2"]
[WhiteElo "1936"]
[BlackElo "2056"]
[PlyCount "65"]
[EventDate "2018.11.02"]
[EventType "swiss"]
[EventRounds "6"]
[EventCountry "ENG"]
[SourceTitle "BritBase"]
[Source "John Saunders"]
[SourceDate "2018.11.10"]
[SourceVersion "1"]
[SourceVersionDate "2018.11.10"]
[SourceQuality "1"]

1. e4 c6 2. d4 d5 3. e5 Bf5 4. Nc3 e6 5. g4 Bg6 6. Nge2 c5 7. Be3 Nc6 8. dxc5 Nxe5 9. Nd4 h5 10. Bb5+ Nd7 11. Qe2 Ngf6 12. g5 Ne4 13. Nxe4 Bxe4 14. f3 Bg6 15. O-O-O Bxc5 16. Nxe6 fxe6 17. Bxc5 Kf7 18. Ba3 Rc8 19. Rd2 a6 20. Re1 Bf5 21. g6+ Kxg6 22. Rg1+ Kh7 23. Bd3 Qf6 24. Be7 Qf7 25. Bxf5+ exf5 26. Bb4 Nf6 27. Bc3 Rhd8 28. Qe5 Rc6 29. Rdg2 Rg8 30. Qxf5+ g6 31. Qg5 Rg7 32. Re1 Rg8 33. Rge2 1/2-1/2

[Event "Hampshire Open"]
[Site "Fareham"]
[Date "2018.11.03"]
[Round "3"]
[White "Fowler, David"]
[Black "Anderson, Peter W"]
[Result "1/2-1/2"]
[WhiteElo "2000"]
[BlackElo "2136"]
[PlyCount "37"]
[EventDate "2018.11.02"]
[EventType "swiss"]
[EventRounds "6"]
[EventCountry "ENG"]
[SourceTitle "BritBase"]
[Source "John Saunders"]
[SourceDate "2018.11.10"]
[SourceVersion "1"]
[SourceVersionDate "2018.11.10"]
[SourceQuality "1"]

1. d4 g6 2. e4 Bg7 3. c4 d6 4. Nc3 e5 5. Nf3 exd4 6. Nxd4 Nc6 7. Be3 Nge7 8. Qd2 O-O 9. Be2 f5 10. Nxc6 bxc6 11. Bd4 Bxd4 12. Qxd4 fxe4 13. O-O Nf5 14. Qxe4 Rb8 15. b3 Re8 16. Qd3 Qh4 17. g3 Qd4 18. Rad1 Qxd3 19. Bxd3 1/2-1/2

[Event "Hampshire Open"]
[Site "Fareham"]
[Date "2018.11.03"]
[Round "3"]
[White "Wilson, Jaimie"]
[Black "Marsh, Roger DW"]
[Result "1-0"]
[WhiteElo "2136"]
[BlackElo "1928"]
[PlyCount "79"]
[EventDate "2018.11.02"]
[EventType "swiss"]
[EventRounds "6"]
[EventCountry "ENG"]
[SourceTitle "BritBase"]
[Source "John Saunders"]
[SourceDate "2018.11.10"]
[SourceVersion "1"]
[SourceVersionDate "2018.11.10"]
[SourceQuality "1"]

1. Nf3 g6 2. c4 Bg7 3. Nc3 e5 4. e3 d6 5. Be2 f5 6. d4 e4 7. Nd2 Nf6 8. b4 a5 9. b5 b6 10. Na4 Nbd7 11. Nb3 O-O 12. Bb2 Re8 13. Qc2 Nf8 14. c5 Bb7 15. Rc1 Bd5 16. Bc4 Kh8 17. Nd2 Rb8 18. Qb3 Bxc4 19. Nxc4 Ne6 20. cxd6 cxd6 21. Ba3 Bf8 22. O-O Rb7 23. Nd2 Qb8 24. Rc2 d5 25. Bxf8 Rxf8 26. Rfc1 Rc7 27. Rxc7 Nxc7 28. Rc6 Nd7 29. Nc3 Nf6 30. Qa3 Rf7 31. Qd6 Kg7 32. Rxb6 Qa7 33. Rc6 Nce8 34. Qc5 Rd7 35. a4 Qb8 36. g3 Rd6 37. Nb3 Rxc6 38. Qxc6 Qd6 39. Qxd6 Nxd6 40. Nxa5 1-0

[Event "Hampshire Open"]
[Site "Fareham"]
[Date "2018.11.03"]
[Round "3"]
[White "Clancy, Martin J"]
[Black "Lukoshius, Rolandus"]
[Result "1-0"]
[WhiteElo "1816"]
[BlackElo "2080"]
[PlyCount "97"]
[EventDate "2018.11.02"]
[EventType "swiss"]
[EventRounds "6"]
[EventCountry "ENG"]
[SourceTitle "BritBase"]
[Source "John Saunders"]
[SourceDate "2018.11.10"]
[SourceVersion "1"]
[SourceVersionDate "2018.11.10"]
[SourceQuality "1"]

1. e4 c5 2. d4 cxd4 3. c3 dxc3 4. Nxc3 Nc6 5. Nf3 d6 6. Bc4 e6 7. O-O Nf6 8. Qe2 a6 9. Rd1 Qc7 10. Bg5 Be7 11. Rac1 Qb8 12. a4 O-O 13. Rd2 b6 14. h3 Bb7 15. Be3 Nd7 16. Ng5 Nce5 17. Nxe6 Rc8 18. Ba2 Bxe4 19. Rcd1 Bxg2 20. Kxg2 fxe6 21. Bxe6+ Kh8 22. f4 Ng6 23. Nd5 Qb7 24. Kh2 Bd8 25. Bd4 Ndf8 26. Rg1 Nxe6 27. Qxe6 Bh4 28. Re2 Rf8 29. Rg4 Qf7 30. Qxf7 Rxf7 31. Re6 Bf6 32. Nxf6 gxf6 33. Bxf6+ Rxf6 34. Rxf6 Rd8 35. Rf7 d5 36. Rb7 d4 37. f5 Nf8 38. Rxb6 d3 39. Rg1 d2 40. Rd1 Kg7 41. Rxa6 Rd5 42. Kg3 Nd7 43. Re6 Nc5 44. Re2 Nb3 45. Re3 Nc5 46. a5 Na4 47. Rb3 Nc5 48. Rb6 Rxf5 49. Rxd2 1-0

[Event "Hampshire Open"]
[Site "Fareham"]
[Date "2018.11.03"]
[Round "3"]
[White "Holmes, David"]
[Black "Northcott, Paul"]
[Result "1/2-1/2"]
[WhiteElo "1880"]
[BlackElo "1944"]
[PlyCount "37"]
[EventDate "2018.11.02"]
[EventType "swiss"]
[EventRounds "6"]
[EventCountry "ENG"]
[SourceTitle "BritBase"]
[Source "John Saunders"]
[SourceDate "2018.11.10"]
[SourceVersion "1"]
[SourceVersionDate "2018.11.10"]
[SourceQuality "1"]

1. e4 e5 2. d4 exd4 3. c3 Nf6 4. e5 Nd5 5. Nf3 d6 6. cxd4 Be7 7. Nc3 Nxc3 8. bxc3 O-O 9. Bc4 Nc6 10. Bf4 Bg4 11. exd6 Bxd6 12. Bxd6 Qxd6 13. O-O Rad8 14. Re1 Qf6 15. h3 Bxf3 16. Qxf3 Qxf3 17. gxf3 a6 18. a4 Rfe8 19. Re4 1/2-1/2

[Event "Hampshire Open"]
[Site "Fareham"]
[Date "2018.11.03"]
[Round "3"]
[White "Gonem, Sherif"]
[Black "Williams, Robin"]
[Result "1-0"]
[WhiteElo "1856"]
[BlackElo "1952"]
[PlyCount "37"]
[EventDate "2018.11.02"]
[EventType "swiss"]
[EventRounds "6"]
[EventCountry "ENG"]
[SourceTitle "BritBase"]
[Source "John Saunders"]
[SourceDate "2018.11.10"]
[SourceVersion "1"]
[SourceVersionDate "2018.11.10"]
[SourceQuality "1"]

1. e4 e5 2. Bc4 Nf6 3. d3 d5 4. exd5 Nxd5 5. Nf3 Qd6 6. O-O Be7 7. Re1 Nd7 8. Nbd2 O-O 9. Ne4 Qc6 10. Ng3 Bd6 11. Nf5 f6 12. N3h4 N7b6 13. Bb3 Kh8 14. Qh5 Qe8 15. Qf3 Ne7 16. Nxe7 Qxe7 17. Re4 Be6 18. Ng6+ hxg6 19. Qh3+ 1-0

[Event "Hampshire Open"]
[Site "Fareham"]
[Date "2018.11.03"]
[Round "3"]
[White "Moore, Gillian A"]
[Black "Dallas, Peter"]
[Result "1-0"]
[WhiteElo "1832"]
[BlackElo "1760"]
[PlyCount "79"]
[EventDate "2018.11.02"]
[EventType "swiss"]
[EventRounds "6"]
[EventCountry "ENG"]
[SourceTitle "BritBase"]
[Source "John Saunders"]
[SourceDate "2018.11.10"]
[SourceVersion "1"]
[SourceVersionDate "2018.11.10"]
[SourceQuality "1"]

1. d4 g6 2. e4 Bg7 3. c3 d6 4. Be3 Nd7 5. Bc4 e6 6. Ne2 a6 7. a4 b6 8. O-O Bb7 9. f3 Ne7 10. Qd2 h6 11. Na3 c5 12. Bd3 g5 13. Rac1 Qc7 14. Ng3 O-O-O 15. Qe2 Nb8 16. Nh5 Rdg8 17. b4 Ng6 18. g4 Nf4 19. Nxf4 gxf4 20. Bxf4 h5 21. dxc5 e5 22. cxb6 Qe7 23. Be3 hxg4 24. fxg4 Bh6 25. Bxh6 Rxh6 26. Rf2 Qg5 27. Rcf1 f6 28. Rg2 Rh4 29. Nc4 Rd8 30. Ne3 Kd7 31. Qf3 Rf8 32. Qf5+ Qxf5 33. Rxf5 Ke7 34. Rf3 Bc8 35. Nf5+ Bxf5 36. gxf5 Rh7 37. Rfg3 Kd8 38. Rg8 Rh8 39. Rxf8+ Rxf8 40. a5 1-0